000 00995nam a22003137a 4500
003 CHAP
005 20220817041404.0
008 971013s1970 r 00010 d
010 _a12994
011 _a13966
035 _a18039
040 _cCHAP
090 _aFolleto 1285
100 0 0 _aGollás, Manuel.
_948596
245 _aSurplus labor and economic development; the Guatemalan case
260 _aMadison :
_bLand Tenure Center,
_c1970
300 _a95 p.
490 _aLand Tenure Center. Research paper
_v; 39
590 _aBATCH-UPD
_b10
_c20130110
_lUCH01
_h1024
590 _aBATCH-UPD
_b10
_c20130410
_lUCH01
_h0629
590 _aBATCH-UPD
_b10
_c20130914
_lUCH01
_h1148
590 _aCONVERSION
_b10
_c20130109
_lUCH01
_h1308
650 1 4 _aDesarrollo económico.
650 1 4 _aGuatemala
_xCondiciones económicas.
_951024
830 0 _aLand Tenure Center. Research paper
_v; 39
_964639
901 _aBK
942 _cFOLL
949 _aFolleto 1285
_bBC
_cFOLL
_d-42170
_eTS1
_i18039
_si
999 _c12994
_d12994